000 00790nam a2200253Ia 4500
003 OSt
005 20220918180513.0
006 a|||||r|||| 00| 0
007 ta
008 220917b |||||||| |||| 00| 0 eng d
024 _a22,669
037 _cTextual
040 _aARTS
_cARTS
_beng
041 _2eng
_aeng
082 _aO111,3M43,12:g, K5
100 _aCranfill Thomas Mabry
_956405
245 0 _aAnatomy of the turn of the screw Thomas Mabry Cranfill and Robert Lanier Clark
260 _aAustin
_bUniversity of Texas Press
_c1965
300 _aviii,195p.
_ccm.
650 _aENGLISH LITERATURE
700 _a Clark Robert Lanier
_956406
942 _hO111,3M43,12:g, K5
_cTEXL
_2CC
999 _c161866
_d161866